=LDR 00000nam 2200000 4500 =001 NUTBA000000000005800 =005 20141111083244.0 =006 =007 =008 =020 ##$$a 978-602-8551618 =035 ##$$a 0010-111400000000279 =040 ##$$a NBPDMAT =090 ##$$a 595.3 $b Din k =100 ##$$a Dinda Mahariesti =245 ##$$a Kelomang dan cangkang siputnya/ $c Dinda Mahariesti =260 ##$$a Jakarta : $b Buana Cipta Pustaka, $c 2009 =300 ##$$a iv, 68 hlm. : $b ilus. ; $c 24 cm. =500 ##$$a Indeks : hlm. 66 $a Bibliografi : Hlm. 68 =650 ##$$a Kelomang =850 ##$$a NBPDMAT